Planespotting #1 - Statistics

General Stats
  • This quiz has been taken 15 times
  • The average score is 7 of 8
Answer Stats
Picture Answer % Correct
Airbus A320
100%
Airbus A340
100%
Airbus A330
91%
Airbus A350
91%
Boeing 747
91%
Boeing 757
82%
Antonov An-225
73%
Boeing 777
73%
No matching quizzes found
Score Distribution
Percent of People with Each Score
Percentile by Number Answered
Your Score History
You have not taken this quiz